[Event "Fagernes GM Swiss 2020"]
[Site "Fagernes"]
[Date "2020.10.11"]
[Round "9.21"]
[White "Sorensen, Simen"]
[Black "Grover, Sigurd Loe"]
[Result "1/2-1/2"]
[WhiteElo "2047"]
[BlackElo "2145"]
[Annotator "TA"]
[PlyCount "71"]
[EventDate "2020.10.04"]
[EventType "swiss"]
[EventCountry "NOR"]
[SourceTitle "playchess.com"]
[Source "ChessBase"]
[SourceQuality "1"]

{[%evp 16,71,17,-4,-12,-47,12,-20,0,-25,-4,0,-12,-73,-62,-64,-54,-110,-117,-110,-68,-109,-55,-57,0,0,6,-161,-54,-249,-205,-189,-151,-414,-231,-545,-544,-466,-176,-791,-781,-723,-258,-235,-151,-129,0,0,0,-11,-31,-34,-34,-32,-16,-100,-73,-78]} 1. d4 Nf6 2. c4 e6 3. Nf3 d5 4. Nc3 dxc4 5. e3 a6 6. Bxc4 b5 7. Bb3 Bb7 8. O-O c5 9. Qe2 Nbd7 {D27: Queen's Gambit Accepted: Classical main line: 7 e4!? and 7 a4.} 10. a4 c4 (10... b4 $15 11. Nb1 Be7) 11. Bc2 b4 {The position is equal.} 12. Nd1 {[#]} a5 $146 ({Predecessor:} 12... Qc7 13. e4 Rc8 14. Bg5 b3 15. Bb1 Bb4 16. Bd2 a5 17. Nc3 O-O {1-0 (39) Heinicke,H-Lehmann,H Berlin 1953}) 13. e4 Be7 14. Bg5 (14. Nd2 $11) 14... Nb6 $17 15. Re1 O-O 16. Bxf6 (16. e5 $15 Nfd5 17. Qe4) 16... Bxf6 17. Ne3 b3 18. Bb1 $1 Ba6 ({Reject} 18... Bxd4 $6 19. Rd1 $11) (18... Rc8 $17 19. Qd2 Re8) 19. Qd2 $1 $15 Qc7 ({Better is} 19... Nd7 $15) 20. Qxa5 $11 Bb7 21. Qh5 $2 (21. Qc3 $11) 21... g6 ({Don't do} 21... Nxa4 22. Ng4 $15 (22. e5 $2 g6 $19)) (21... Rxa4 $19 22. Rxa4 Nxa4) 22. Qh3 $2 ({White must play} 22. Qb5 $15) 22... Nxa4 23. Ng4 Bg7 {And now ...h5 would win.} 24. e5 $2 (24. Nh6+ $17 Bxh6 25. Qxh6) 24... h5 (24... Nxb2 $142 25. Bxg6 fxg6) 25. Ng5 $2 (25. Nf6+ {was the crucial defense.} Bxf6 26. exf6) 25... Nxb2 $19 26. Rxa8 Rxa8 $2 (26... Bxa8 27. Ne3 Qe7) 27. Nf6+ $2 (27. Bxg6 hxg4 28. Qh5) 27... Bxf6 $1 28. exf6 {[#]} Qf4 $2 (28... Nd3 $1 {[%mdl 512]} 29. Nxe6 (29. Bxd3 cxd3) 29... Qc6) 29. Nxf7 Qxf6 30. Ne5 Ra1 (30... Bd5 $17 {Hoping for ...Rf8.} 31. Bxg6 Rf8) 31. Qc3 $11 {[#]} Qg5 $1 $40 {[%csl Gb7][%cal Rg5g2][%mdl 128] Black mounts an attack.} 32. f3 {[#]} Nd3 $1 {[%mdl 512]} 33. Nxd3 (33. Bxd3 Rxe1+) 33... cxd3 34. Qxd3 Bd5 35. Kh1 (35. Qc3 $11 {keeps the balance.} Ra8 36. Re5) 35... Qf5 {( -> ...Qxd3)} 36. Qd1 {White happily takes the draw. Accuracy: White = 45%, Black = 43%.} 1/2-1/2

[Event "Fagernes GM Swiss 2020"]
[Site "Fagernes"]
[Date "2020.10.11"]
[Round "9.22"]
[White "Bjerke, Richard"]
[Black "Nielsen, Andre"]
[Result "0-1"]
[WhiteElo "2144"]
[BlackElo "2218"]
[Annotator "TA"]
[PlyCount "62"]
[EventDate "2020.10.04"]
[EventType "swiss"]
[EventCountry "NOR"]
[SourceTitle "playchess.com"]
[Source "ChessBase"]
[SourceQuality "1"]

{[%evp 19,62,37,66,6,5,0,0,0,0,0,0,0,29,-5,0,-66,-56,-66,-52,-64,-68,-314,-298,-343,-321,-333,-331,-352,-359,-345,-328,-332,-188,-181,-127,-29986,-6111,-6103,-6103,-6099,-6070,-5214,-5214,-5185,-2323]} 1. d4 f5 2. g3 Nf6 3. Bg2 g6 4. Nf3 Bg7 5. O-O O-O 6. c4 d6 7. Nc3 Nc6 8. d5 Ne5 9. Nxe5 dxe5 10. Qb3 e4 11. c5 {A89: Dutch Defence: Leningrad System: 5 Nf3 0-0 6 0-0 d6 7 Nc3 Nc6.} (11. Rd1 $14) 11... e6 $11 {[%cal Re6d5]} 12. Rd1 exd5 13. Nxd5 {The position is equal.} Be6 {[%cal Rf6d5]} 14. Nxf6+ Qxf6 15. Qxb7 {[#]} Qf7 $146 ({Predecessor:} 15... a5 16. Qxc7 Rfc8 17. Qf4 Rxc5 18. f3 exf3 19. Bxf3 Rd8 20. Be3 Rc4 21. Qg5 Rxd1+ 22. Rxd1 Qxg5 23. Bxg5 Bxb2 {½-½ (30) Huber,M (2340)-Matosec,T (2071) Graz 2020}) 16. Qc6 Rab8 17. f3 (17. Bf4 $11) 17... Bxb2 $15 18. Bxb2 Rxb2 {[%mdl 64] Double Attack} 19. fxe4 Rxe2 20. exf5 $2 ({White should play} 20. Rf1 $15) 20... Qxf5 $19 21. Rf1 {[#]} Rxg2+ $1 {[%mdl 576] Deflection} 22. Qxg2 Qxc5+ 23. Rf2 {[#]} Bh3 $1 {[%cal Rh3g2][%mdl 576] Deflection} 24. Qxh3 Rxf2 {[%mdl 4096] Endgame KQR-KQR} ({Not} 24... Qxf2+ 25. Kh1 $17) 25. Qe6+ Kg7 (25... Kf8 $142 {( -> ...Re2+)} 26. Rf1 Rxf1+ 27. Kxf1 Qf5+ 28. Qxf5+ gxf5) 26. Kh1 Qc3 (26... Qd4 $19 27. Rc1 h5) 27. Kg1 $2 {[%mdl 8192]} (27. Qe7+ $17 Rf7 28. Qe1 Qc6+ 29. Kg1) 27... Qxa1+ (27... Qd4 $142 28. Qe4 Qxe4 29. Kxf2 Qd4+ {[%mdl 64] Double Attack} 30. Kf3 Qxa1 31. h4 Qxa2 32. Ke4 Qc4+ 33. Ke3 a5 34. Kf3 a4 35. g4 a3 36. g5 a2 37. h5 a1=Q 38. h6+ Kf7 39. Kg2 Qg4+ {[%mdl 64] Double Attack} 40. Kh2 Qag1#) 28. Kxf2 {Black is clearly winning.} Qf6+ 29. Qxf6+ Kxf6 30. Ke3 Ke5 31. Kd3 Kd5 {Accuracy: White = 47%, Black = 72%.} 0-1

[Event "Fagernes GM Swiss 2020"]
[Site "Fagernes"]
[Date "2020.10.11"]
[Round "9.23"]
[White "Melaa, Sondre"]
[Black "Kvendseth, Thyra"]
[Result "1-0"]
[WhiteElo "2210"]
[BlackElo "2017"]
[Annotator "NA"]
[PlyCount "135"]
[EventDate "2020.10.04"]
[EventType "swiss"]
[EventCountry "NOR"]
[SourceTitle "playchess.com"]
[Source "ChessBase"]
[SourceQuality "1"]
[TimeControl "40/6000+30:2400+30"]

{[%evp 8,113,37,38,26,17,31,15,19,18,53,57,64,58,57,7,33,19,61,50,56,43,93,83,86,79,80,83,85,67,69,64,70,59,64,67,81,64,112,62,412,122,106,32767,32767,72,86,58,32767,50,58,54,73,67,84,24,23,32767,32767,0,0,32767,20,13,29,0,27,32767,32767,32767,21,0,124,87,184,187,186,182,174,32767,32767,160,32767,32767,32767,72,86,71,72,89,91,97,32767,32767,32767,32767,32767,400,348,360,413,399,429,430,450,252,237,244]} 1. e4 {[%emt 0:00:00]} g6 {[%emt 0:00:00]} 2. d4 {[%emt 0:00:00]} Bg7 {[%emt 0:00:00]} 3. Nf3 {[%emt 0:00:00]} d6 {[%emt 0:00:26]} 4. Bc4 {[%emt 0:00:10]} Nf6 {[%emt 0:00:58]} 5. Qe2 {[%emt 0:00:14]} O-O {[%emt 0:03:20]} 6. e5 {[%emt 0:00:09]} dxe5 {[%emt 0:00:36]} 7. dxe5 {[%emt 0:00:15]} Nd5 {[%emt 0:00:23]} 8. O-O {[%emt 0:04:34]} Nb6 {[%emt 0:05:02] B06: Modern Defence.} 9. Rd1 {[%emt 0:03:46]} Qe8 $1 {[%emt 0:01:03]} 10. Bb3 {[%emt 0:03:43]} Bg4 {[%emt 0:12:10]} 11. Bf4 {[%emt 0:12:42]} Nc6 {[%emt 0:09:27] [#]} 12. c3 $146 {[%emt 0:05:35]} ({Predecessor:} 12. Nbd2 a5 13. a3 Nd4 14. Qe4 Nxb3 15. Nxb3 c6 16. Nc5 Qc8 17. h3 Bf5 18. Qe2 {1-0 (65) Roseneck,J (2417)-Knudsen,S (2194) Braunschweig 2019}) 12... e6 {[%emt 0:06:55]} 13. Nbd2 {[%emt 0:06:08]} Nd5 {[%emt 0:07:57]} 14. Bg3 {[%emt 0:00:36]} Na5 {[%emt 0:14:20]} 15. Bc2 {[%emt 0:04:11]} Nc6 {[%emt 0:06:21]} 16. h3 {[%emt 0:03:24]} Bh5 {[%emt 0:01:10]} 17. Bh2 {[%emt 0:02:01]} Bxf3 {[%emt 0:01:07]} 18. Nxf3 {[%emt 0:00:11]} Qe7 {[%emt 0:00:57]} 19. a3 {[%emt 0:19:29]} a5 {[%emt 0:05:02]} 20. Qb5 {[%emt 0:01:24]} Nb6 {[%emt 0:01:13]} 21. a4 {[%emt 0:08:05]} Na7 {[%emt 0:08:51]} 22. Qe2 {[%emt 0:09:41]} Qc5 {[%emt 0:02:18]} 23. Be4 {[%emt 0:02:19]} Nc4 $2 {[%emt 0:06:39]} (23... Rfb8 $14) 24. Bd3 $2 {[%emt 0:02:45]} (24. b4 $18 {and the rest is easy.} axb4 25. cxb4 Qxb4 26. Rdb1) 24... Nb6 {[%emt 0:00:32]} 25. Bf4 {[%emt 0:02:52]} Nd5 {[%emt 0:00:53]} 26. Bg5 {[%emt 0:02:01]} Nc6 {[%emt 0:01:28]} 27. Be4 {[%emt 0:01:59]} h6 {[%emt 0:02:32]} 28. Bh4 {[%emt 0:01:10]} Rfe8 {[%emt 0:01:49]} 29. Bg3 {[%emt 0:04:01]} Rad8 {[%emt 0:00:44]} 30. Qb5 {[%emt 0:00:44]} b6 {[%emt 0:02:30]} 31. Qxc5 {[%emt 0:02:29]} (31. Rd2 $16) 31... bxc5 {[%emt 0:00:02]} 32. Bd3 {[%emt 0:00:09]} Nce7 {[%emt 0:01:35]} 33. Be2 {[%emt 0:03:47]} Rb8 {[%emt 0:04:21]} 34. Rd2 {[%emt 0:03:07]} Nf5 {[%emt 0:01:49]} 35. Bh2 {[%emt 0:00:25]} Nfe7 {[%emt 0:00:34]} 36. Rc2 {[%emt 0:01:16]} Red8 {[%emt 0:01:13]} 37. Nd2 {[%emt 0:01:03]} Nc6 {[%emt 0:00:22]} 38. Nc4 {[%emt 0:00:22]} g5 {[%emt 0:00:53]} 39. Bf3 {[%emt 0:01:30]} Rb7 {[%emt 0:01:02]} (39... Nb6 $11 {keeps the balance.}) 40. Rd1 {[%emt 0:00:46]} Rbb8 {[%emt 0:00:41]} (40... Nce7 $16 41. Rcd2 (41. Nxa5 Ra7 $14) 41... Ra8) 41. Rcd2 {[%emt 0:01:12]} Nce7 {[%emt 0:06:05]} 42. Nxa5 {[%emt 0:02:05]} Rf8 {[%emt 0:02:16]} 43. Nc4 {[%emt 0:04:13]} Nb6 {[%emt 0:01:37]} 44. Nxb6 {[%emt 0:01:28]} cxb6 {[%emt 0:00:01]} 45. Rd7 {[%emt 0:04:56]} Ng6 {[%emt 0:01:19]} 46. Re1 {[%emt 0:02:45]} Rfd8 {[%emt 0:00:47]} 47. Rd6 {[%emt 0:04:49]} Bf8 {[%emt 0:01:34]} 48. Rxd8 {[%emt 0:04:41]} Rxd8 {[%emt 0:00:05]} 49. Rd1 {[%emt 0:00:14]} Rxd1+ {[%emt 0:01:57]} 50. Bxd1 {[%emt 0:00:02]} Bg7 {[%emt 0:00:45]} 51. b4 {[%emt 0:01:18]} Nxe5 {[%emt 0:00:39]} 52. bxc5 {[%emt 0:00:44]} bxc5 {[%emt 0:00:08]} 53. a5 {[%emt 0:00:21]} Nc6 {[%emt 0:01:48]} 54. a6 {[%emt 0:00:08]} e5 {[%emt 0:00:19]} 55. Kf1 {[%emt 0:03:08]} Kf8 {[%emt 0:01:27] [#]} 56. Ke2 $18 {[%emt 0:01:05]} (56. f4 $142 $1 {[%mdl 512]} Ke7 (56... exf4 57. Ba4) 57. fxe5) 56... Ke7 {[%emt 0:00:26]} 57. Kd3 {[%emt 0:00:51]} Kd6 {[%emt 0:02:26]} 58. Kc4 {[%emt 0:00:11]} Na7 {[%emt 0:00:22]} 59. Bf3 {[%emt 0:03:02]} f5 {[%emt 0:02:52]} 60. Bb7 {[%emt 0:01:44]} Bf6 {[%emt 0:01:15]} 61. f3 {[%emt 0:01:43]} Bd8 {[%emt 0:00:51]} 62. Bg1 {[%emt 0:00:27]} Bb6 {[%emt 0:00:10]} 63. g4 {[%emt 0:00:29]} f4 {[%emt 0:03:48]} 64. Bf2 {[%emt 0:00:23]} Kc7 {[%emt 0:03:46]} 65. Bxc5 {[%emt 0:01:06]} Nc8 {[%emt 0:01:30]} 66. Bxc8 {[%emt 0:01:17]} Bxc5 {[%emt 0:00:05]} 67. Kxc5 {[%emt 0:00:13]} e4 {[%emt 0:00:51]} 68. a7 {[%emt 0:00:11]} 1-0

[Event "Fagernes GM Swiss 2020"]
[Site "Fagernes"]
[Date "2020.10.11"]
[Round "9.24"]
[White "Flatebo, Hallvard Haug"]
[Black "Royset, Pal"]
[Result "0-1"]
[WhiteElo "1877"]
[BlackElo "2150"]
[Annotator "NA"]
[PlyCount "132"]
[EventDate "2020.10.04"]
[EventType "swiss"]
[EventCountry "NOR"]
[SourceTitle "playchess.com"]
[Source "ChessBase"]
[SourceQuality "1"]
[TimeControl "40/6000+30:2400+30"]

{[%evp 8,132,41,32767,32767,32767,32767,32767,17,2,28,-62,0,-39,-37,-85,-72,-85,-77,-61,-72,-80,-57,-81,-79,-89,-90,-90,-77,-98,-105,32767,32767,-156,-122,-161,-142,-345,38,-193,-194,-191,-181,-195,-185,-210,-231,-246,-200,-189,-178,-250,-159,-150,-146,-169,-168,-154,-139,-194,-192,-335,-198,-281,-299,-316,-329,32767,-439,-623,32767,32767,-467,32767,-512,32767,-402,-400,-431,-470,32767,32767,32767,-98,-95,-82,32767,-167,32767,-555,-170,32767,32767,32767,32767,32767,32767,32767,32767,32767,32767,32767,-302,-301,-309,-320,-309,-327,-338,-335,-308,-335,-301,-322,-309,-306,-302,-302,-302,-302,-295,-302,-302,-302,-302,-12850,-29979]} 1. e4 {[%emt 0:00:00]} c5 {[%emt 0:03:27]} 2. Nf3 {[%emt 0:00:00]} e6 {[%emt 0:00:38]} 3. d4 {[%emt 0:00:00]} cxd4 {[%emt 0:00:05]} 4. Nxd4 {[%emt 0:00:02]} Nc6 {[%emt 0:00:59]} 5. Nc3 {[%emt 0:01:02]} a6 {[%emt 0:00:21]} 6. Be3 {[%emt 0:00:34]} Nf6 {[%emt 0:01:56]} 7. Bd3 {[%emt 0:02:01]} Qc7 {[%emt 0:04:43]} 8. Qe2 {[%emt 0:01:18]} Bb4 {[%emt 0:03:29]} 9. f4 {[%emt 0:04:38] B48: Sicilian: Taimanov: 5 Nc3 Qc7 6 Be3 a6 without Be2.} (9. O-O $14) 9... Nxd4 {[%emt 0:04:10]} 10. Bxd4 {[%emt 0:00:11]} Qxf4 {[%emt 0:00:34] [#]} 11. g3 $146 {[%emt 0:02:48]} ({Predecessor:} 11. a3 $11 Ba5 (11... Be7 12. Be3 Qc7 13. O-O Bd6 14. h3 Bc5 15. Rae1 Bxa3 16. Na4 Be7 17. Nb6 {1-0 (46) Guedes,L (1813)-Passos,R (1800) Brasilia 2019}) 12. Qf3 Qxf3 13. gxf3) 11... Qd6 {[%emt 0:04:15]} 12. Be3 {[%emt 0:04:01]} h5 {[%emt 0:05:01]} 13. Bd2 {[%emt 0:04:50]} Ng4 {[%emt 0:02:15]} 14. O-O-O {[%emt 0:03:30]} Ne5 {[%emt 0:02:28]} 15. Bc4 {[%emt 0:02:27]} Qc7 {[%emt 0:04:12]} 16. Bb3 {[%emt 0:00:55]} b5 {[%emt 0:06:38]} 17. Kb1 {[%emt 0:02:58]} Be7 {[%emt 0:03:04]} 18. Bf4 {[%emt 0:03:59]} d6 {[%emt 0:04:27]} 19. Rhf1 {[%emt 0:04:22]} Bb7 {[%emt 0:02:49]} 20. h4 {[%emt 0:04:26]} (20. a3 $142) 20... Bf6 {[%emt 0:14:55]} 21. Rd2 {[%emt 0:03:22]} (21. Rd4 $17) 21... Bc6 {[%emt 0:02:35]} 22. Rfd1 $2 {[%emt 0:04:14]} (22. a3 $17) 22... Be7 $2 {[%emt 0:01:58] [#]} (22... b4 $19 23. Nd5 exd5 24. Bxd5 Bb5) 23. Rf1 $2 {[%emt 0:02:22] [#]} (23. Nd5 $1 $11 {[%mdl 512]} exd5 24. Bxe5 dxe5 25. exd5) 23... b4 $1 {[%emt 0:01:29]} 24. Bxe5 {[%emt 0:01:42]} dxe5 {[%emt 0:02:37]} 25. Qf3 {[%emt 0:00:51]} Bf6 {[%emt 0:03:41]} 26. Ne2 {[%emt 0:07:27]} Qb7 {[%emt 0:00:49]} 27. Qe3 {[%emt 0:04:28]} Qa7 {[%emt 0:06:38]} ({Wrong is} 27... Bxe4 $2 28. Ba4+ Bc6 29. Qf3 $18) 28. Qf3 {[%emt 0:03:13]} Bb5 {[%emt 0:01:18]} 29. Rd6 {[%emt 0:03:18]} (29. c3 $142) 29... Ke7 {[%emt 0:02:03]} ({Black should try} 29... a5 $19 30. Bxe6 Qc7) 30. Rfd1 {[%emt 0:02:49]} Rhd8 {[%emt 0:01:09]} 31. Rxd8 {[%emt 0:01:55]} Rxd8 {[%emt 0:00:07]} 32. Rxd8 {[%emt 0:02:07]} Kxd8 {[%emt 0:00:21]} 33. c4 {[%emt 0:00:34]} Bc6 {[%emt 0:00:11]} 34. a3 $2 {[%emt 0:03:16]} (34. Bc2 {keeps fighting.}) 34... a5 {[%emt 0:00:39]} 35. a4 {[%emt 0:02:23]} Ke8 {[%emt 0:03:19]} 36. Ka2 {[%emt 0:02:28]} Be7 {[%emt 0:00:50]} 37. c5 {[%emt 0:05:54]} Qxc5 {[%emt 0:01:13]} 38. Qxh5 {[%emt 0:00:36]} (38. Kb1 $142) 38... g6 {[%emt 0:03:12]} 39. Qf3 {[%emt 0:00:58]} f5 {[%emt 0:01:00]} 40. Bxe6 {[%emt 0:00:36]} Bxe4 {[%emt 0:00:22]} 41. Qb3 {[%emt 0:40:42]} Kd8 {[%emt 0:49:46]} 42. Qd1+ {[%emt 0:05:41]} Qd6 {[%emt 0:00:44]} 43. Qb3 {[%emt 0:02:33]} f4 {[%emt 0:03:15]} 44. gxf4 {[%emt 0:01:02]} exf4 {[%emt 0:00:27]} 45. Qc4 {[%emt 0:00:20] [#]} b3+ $1 {[%emt 0:00:00]} 46. Qxb3 {[%emt 0:00:00]} Bxh4 {[%emt 0:00:00]} 47. Qc4 {[%emt 0:00:00]} (47. Nc3 $15 Bg2 48. Bc4) 47... Bd3 {[%emt 0:00:00]} 48. Qc8+ {[%emt 0:00:00]} Ke7 {[%emt 0:00:00]} 49. Nxf4 {[%emt 0:00:00]} Qxf4 {[%emt 0:00:00]} 50. Qd7+ {[%emt 0:00:00]} Kf6 {[%emt 0:00:00]} 51. Qxd3 {[%emt 0:00:00]} Qxa4+ {[%emt 0:00:00]} 52. Kb1 {[%emt 0:00:00]} Kxe6 {[%emt 0:00:00]} 53. Qxg6+ {[%emt 0:17:37]} Bf6 {[%emt 0:00:00]} 54. Qg8+ {[%emt 0:00:00]} Ke7 {[%emt 0:00:00]} 55. Qh7+ {[%emt 0:00:00]} Kd6 {[%emt 0:00:00]} 56. Qh2+ {[%emt 0:00:00]} Kc6 {[%emt 0:00:00]} 57. Qg2+ {[%emt 0:00:00]} Kb6 {[%emt 0:00:00]} 58. Qe2 {[%emt 0:00:00]} Qd4 {[%emt 0:00:00]} 59. Qe6+ {[%emt 0:00:00]} Kc7 {[%emt 0:00:00]} 60. Qf7+ {[%emt 0:00:00]} Kd6 {[%emt 0:00:00]} 61. Qf8+ {[%emt 0:00:00]} Ke6 {[%emt 0:00:00]} 62. Qc8+ {[%emt 0:00:00]} Ke5 {[%emt 0:00:00]} 63. Qc7+ {[%emt 0:00:00]} Ke4 {[%emt 0:00:00]} 64. Qc6+ {[%emt 0:00:00]} Kf4 {[%emt 0:00:00]} 65. Qc7+ {[%emt 0:00:00]} Kf3 {[%emt 0:00:00]} 66. Qb7+ $19 {[%emt 0:00:00]} (66. Qh2) 66... Qe4+ {[%emt 0:00:00]} 0-1